000 01171nam a22002297a 4500
999 _c60612
_d60612
003 Ge_BSU
005 20230921163248.0
008 230921s2019 ge ||||| |||| 00| 0 geo d
020 _a9789941474590
041 _ageo
080 _a821=353.1 ა-45
100 _a ალ-ჰაქიმი, თავფიკ
_919861
245 _aჩიტი აღმოსავლეთიდან :
_bუმ ჰაშიმის კანდელი /
_cტავფიკ ალ-ჰაქიმი, იაჰია ჰაკკი; არაბულიდან თარგმნა დარეჯან გარდავაძემ.
264 _aბათუმი :
_bწიგნები ბათუმში,
_c2019.
300 _a217 გვ.;
_b21 სმ.
490 _aაღმოსავლური ბიბლიოთეკა.
653 _aარაბული რომანი
653 _aარაბული ლიტერატურა
700 _aჰაკკი, იაჰია
_eავტორი
_919862
700 _aგარდავაძე, დარეჯან
_eმთარგმნელი
_92409
942 _2udc
_cBK